[Event "Leiden SB-ch"]
[Site "Leiden"]
[Date "2003.06.03"]
[Round "3"]
[White "Geragousian, Biaina"]
[Black "Van Duijvenbode, Harrie Sr"]
[Result "1/2-1/2"]
[WhiteElo "1842"]
[BlackElo "1810"]
[PlyCount "63"]
[EventDate "2003.05.20"]
[EventType "swiss"]
[EventRounds "7"]
[EventCountry "NED"]
[SourceTitle "CBM 095 Extra"]
[Source "ChessBase"]
[SourceDate "2003.09.04"]
[SourceVersion "1"]
[SourceVersionDate "2003.09.04"]
[SourceQuality "1"]

1. e4 d5 2. exd5 Qxd5 3. Nc3 Qa5 4. d4 Nf6 5. Bc4 c6 6. Nge2 Bg4 7. Bd2 Qc7 8. f3 Bf5 9. Bf4 Qa5 10. Ng3 Bg6 11. 0-0 e6 12. Re1 Bb4 13. Bd2 Qd8 14. Nce2 Bd6 15. Bf4 0-0 16. Qd2 b5 17. Bb3 Nd5 18. Bxd5 exd5 19. Bxd6 Qxd6 20. Nf4 Nd7 21. Nxg6 hxg6 22. Re2 Rfe8 23. Rae1 Nf6 24. Re5 Rxe5 25. dxe5 Qc5+ 26. Kh1 Nh5 27. Nxh5 gxh5 28. e6 fxe6 29. Rxe6 d4 30. h3 Rd8 31. Rg6 Rd6 32. Rg5 1/2-1/2

[Event "Leiden SB-ch"]
[Site "Leiden"]
[Date "2002.07.02"]
[Round "7"]
[White "Van Duijvenbode, Harrie Sr"]
[Black "Van Dijk, Rob A"]
[Result "0-1"]
[WhiteElo "1738"]
[BlackElo "1822"]
[PlyCount "82"]
[EventDate "2002.05.21"]
[EventType "swiss"]
[EventRounds "7"]
[EventCountry "NED"]
[SourceTitle "EXT 2003"]
[Source "ChessBase"]
[SourceDate "2002.11.25"]
[SourceVersion "1"]
[SourceVersionDate "2002.11.25"]
[SourceQuality "1"]

1. d4 f5 2. Bg5 d6 3. Nf3 Nd7 4. e3 Ngf6 5. Bd3 Ne4 6. Bxe4 fxe4 7. Nfd2 d5 8. c4 c6 9. Nc3 Nb6 10. c5 Nd7 11. b4 Nf6 12. Qa4 Bd7 13. Qb3 a6 14. Na4 g6 15. Nb6 Ra7 16. a4 Bg7 17. 0-0 Be6 18. f3 exf3 19. gxf3 Nd7 20. a5 Nxb6 21. axb6 Ra8 22. Qd1 Bh3 23. Rf2 Qd7 24. Nb3 Qf5 25. Bf4 h5 26. Bc7 Qg5+ 27. Kh1 Qxe3 28. Raa2 0-0 29. Rae2 Qc3 30. f4 Bg4 31. Qc2 Qxb4 32. Rxe7 Rae8 33. Rxe8 Rxe8 34. Be5 Bf5 35. Qd1 a5 36. Nc1 Qb1 37. Kg1 a4 38. Ra2 Qe4 39. Rxa4 Qe3+ 40. Kg2 Bh3+ 41. Kh1 Qe4+ 0-1

[Event "Leiden SB-ch"]
[Site "Leiden"]
[Date "2002.06.18"]
[Round "5"]
[White "Van Duijvenbode, Harrie Sr"]
[Black "Van der Marel, Eric J"]
[Result "1/2-1/2"]
[WhiteElo "1738"]
[BlackElo "1994"]
[PlyCount "73"]
[EventDate "2002.05.21"]
[EventType "swiss"]
[EventRounds "7"]
[EventCountry "NED"]
[SourceTitle "EXT 2003"]
[Source "ChessBase"]
[SourceDate "2002.11.25"]
[SourceVersion "1"]
[SourceVersionDate "2002.11.25"]
[SourceQuality "1"]

1. d4 Nf6 2. c4 g6 3. Nc3 Bg7 4. e4 d6 5. Nf3 0-0 6. Be2 Nbd7 7. 0-0 e5 8. Be3 c6 9. d5 c5 10. Ne1 Ne8 11. g4 Kh8 12. Kh1 Qe7 13. Rg1 f5 14. g5 f4 15. Bd2 Rf7 16. Nd3 h6 17. gxh6 Bxh6 18. Rxg6 Rh7 19. Qg1 Nef6 20. b4 cxb4 21. Nb5 Nf8 22. Bxb4 Nxg6 23. Qxg6 Qg7 24. Qxg7+ Rxg7 25. Bf3 Bh3 26. Bxd6 Nd7 27. Nc7 Rc8 28. Ne6 Rxc4 29. Nxg7 Bxg7 30. Rc1 Rd4 31. Nc5 Rd2 32. Bg2 Bxg2+ 33. Kxg2 Nxc5 34. Rxc5 Rxa2 35. Rc8+ Kh7 36. Rc7 Kg6 37. Rxb7 1/2-1/2

[Event "Leiden SB-ch"]
[Site "Leiden"]
[Date "2002.06.11"]
[Round "4"]
[White "Van Ketel, Raoul"]
[Black "Van Duijvenbode, Harrie Sr"]
[Result "1-0"]
[WhiteElo "2152"]
[BlackElo "1738"]
[PlyCount "97"]
[EventDate "2002.05.21"]
[EventType "swiss"]
[EventRounds "7"]
[EventCountry "NED"]
[SourceTitle "EXT 2003"]
[Source "ChessBase"]
[SourceDate "2002.11.25"]
[SourceVersion "1"]
[SourceVersionDate "2002.11.25"]
[SourceQuality "1"]

1. d4 f5 2. Nc3 Nf6 3. Bg5 d5 4. Bxf6 exf6 5. e3 c6 6. Bd3 Bd6 7. Qf3 g6 8. h4 Kf7 9. h5 Be6 10. Nge2 Na6 11. Bxa6 bxa6 12. Nf4 Qe7 13. hxg6+ hxg6 14. Kd2 Rag8 15. Na4 g5 16. Nd3 g4 17. Qe2 Bc8 18. Nac5 Qc7 19. g3 Qd8 20. c3 Rxh1 21. Rxh1 Rh8 22. Qf1 a5 23. Qg2 Kg7 24. Kc2 Qg8 25. Rh2 f4 26. exf4 Bf5 27. Kd2 Rh3 28. Rxh3 gxh3 29. Qh2 Qh7 30. Ne1 Kf7 31. Ncd3 a4 32. f3 Qh6 33. Ke3 Qh8 34. g4 Bc8 35. Nf2 Qe8+ 36. Kd2 Ba6 37. Nxh3 c5 38. Nd3 Bxd3 39. Kxd3 Qe1 40. Qe2 Qc1 41. dxc5 Bxc5 42. Qd2 Qf1+ 43. Kc2 Qxh3 44. Qxd5+ Kg7 45. Qxc5 Qg2+ 46. Kd3 Qxf3+ 47. Qe3 Qd5+ 48. Qd4 Qxa2 49. g5 1-0

[Event "Leiden SB-ch"]
[Site "Leiden"]
[Date "2002.05.21"]
[Round "1"]
[White "Van Duijvenbode, Harrie Sr"]
[Black "Molsbergen, Chris"]
[Result "1-0"]
[WhiteElo "1738"]
[BlackElo "1466"]
[PlyCount "77"]
[EventDate "2002.05.21"]
[EventType "swiss"]
[EventRounds "7"]
[EventCountry "NED"]
[SourceTitle "EXT 2003"]
[Source "ChessBase"]
[SourceDate "2002.11.25"]
[SourceVersion "1"]
[SourceVersionDate "2002.11.25"]
[SourceQuality "1"]

1. d4 Nf6 2. c4 g6 3. Nc3 Bg7 4. e4 d6 5. Be2 0-0 6. Nf3 c5 7. d5 Nbd7 8. 0-0 Ne8 9. Qc2 Ne5 10. Bf4 Nxf3+ 11. Bxf3 e5 12. Bd2 f5 13. Rab1 a5 14. a3 fxe4 15. Bxe4 Nf6 16. Bg5 Qd7 17. f3 Nxe4 18. fxe4 h6 19. Rxf8+ Bxf8 20. Be3 Qe8 21. Qd2 Kh7 22. Rf1 Bd7 23. Qf2 Bg7 24. Qf7 b5 25. Qxe8 Bxe8 26. Nxb5 Bxb5 27. cxb5 a4 28. Rf7 Rb8 29. Bd2 Kg8 30. Ra7 Rxb5 31. Bc3 Bf6 32. Rxa4 Kf8 33. Ra7 Ke8 34. a4 Rb8 35. a5 Bg5 36. Rg7 Kd8 37. Rxg6 Kd7 38. Rg7+ Be7 39. Rh7 1-0